[Event "Stay Safe Play From Home 385"]
[Site "Emanuel Lasker Arena"]
[Date "2020.08.16"]
[Round "4"]
[White "Mamba2001de"]
[Black "Gibiz144"]
[Result "1-0"]
[WhiteElo "1424"]
[BlackElo "1638"]
[Annotator "NA"]
[PlyCount "91"]
[EventDate "2020.08.16"]
[EventType "swiss (blitz)"]

1. e4 {[%emt 0:00:01]} e6 {[%emt 0:00:00]} 2. Nf3 {[%emt 0:00:01]} b6 {[%emt 0:00:00]} 3. d4 {[%emt 0:00:01]} Bb7 {[%emt 0:00:00]} 4. Be3 {[%emt 0:00:01]} Bxe4 {[%emt 0:00:03]} 5. Nc3 {[%emt 0:00:00]} Bb7 {[%emt 0:00:02]} 6. Bd3 {[%emt 0:00:01]} Ne7 {[%emt 0:00:01]} 7. O-O {[%emt 0:00:01]} g6 {[%emt 0:00:01]} 8. h3 {[%emt 0:00:01]} Bg7 {[%emt 0:00:01]} 9. Qd2 {[%emt 0:00:01]} h6 {[%emt 0:00:01]} 10. Bf4 {[%emt 0:00:02]} d6 {[%emt 0:00:01]} 11. Be3 {[%emt 0:00:01]} a6 {[%emt 0:00:01]} 12. Rfe1 {[%emt 0:00:01]} Nd7 {[%emt 0:00:01]} 13. Rad1 {[%emt 0:00:00]} Nc6 {[%emt 0:00:02]} 14. Bf4 {[%emt 0:00:01]} Nb4 {[%emt 0:00:01]} 15. Be3 {[%emt 0:00:03]} Nxd3 {[%emt 0:00:02]} 16. Qxd3 {[%emt 0:00:01]} O-O {[%emt 0:00:02]} 17. Qe2 {[%emt 0:00:02]} Re8 {[%emt 0:00:03]} 18. Qd2 {[%emt 0:00:01]} Kh7 {[%emt 0:00:01]} 19. Qe2 {[%emt 0:00:02]} e5 {[%emt 0:00:01]} 20. Qf1 {[%emt 0:00:00]} exd4 {[%emt 0:00:02]} 21. Bxd4 {[%emt 0:00:01]} Bxd4 {[%emt 0:00:01]} 22. Nxd4 {[%emt 0:00:01]} Qf6 {[%emt 0:00:02]} 23. Rxe8 {[%emt 0:00:02]} Rxe8 {[%emt 0:00:02]} 24. Re1 {[%emt 0:00:02]} Rxe1 {[%emt 0:00:02]} 25. Qxe1 {[%emt 0:00:01]} Qe5 {[%emt 0:00:01]} 26. Qxe5 {[%emt 0:00:01]} Nxe5 {[%emt 0:00:01]} 27. Nf3 {[%emt 0:00:01]} Nc4 {[%emt 0:00:02]} 28. Nd4 {[%emt 0:00:02]} Nxb2 {[%emt 0:00:01]} 29. Nf3 {[%emt 0:00:01]} b5 {[%emt 0:00:02]} 30. Ne2 {[%emt 0:00:02]} b4 {[%emt 0:00:01]} 31. Ned4 {[%emt 0:00:01]} a5 {[%emt 0:00:02]} 32. Nb3 {[%emt 0:00:01]} a4 {[%emt 0:00:01]} 33. Nbd4 {[%emt 0:00:01]} Bd5 {[%emt 0:00:01]} 34. Nb5 {[%emt 0:00:01]} b3 {[%emt 0:00:01]} 35. Nxc7 {[%emt 0:00:01]} Be6 {[%emt 0:00:02]} 36. Nxe6 {[%emt 0:00:01]} fxe6 {[%emt 0:00:01]} 37. axb3 {[%emt 0:00:01]} axb3 {[%emt 0:00:01]} 38. cxb3 {[%emt 0:00:01]} d5 {[%emt 0:00:01]} 39. Nd2 {[%emt 0:00:00]} d4 {[%emt 0:00:01]} 40. Kf1 {[%emt 0:00:00]} d3 {[%emt 0:00:01]} 41. Ke1 {[%emt 0:00:00]} Na4 {[%emt 0:00:02]} 42. Nf3 {[%emt 0:00:00]} Nc3 {[%emt 0:00:01]} 43. b4 {[%emt 0:00:01]} Nb5 {[%emt 0:00:02]} 44. Nd4 {[%emt 0:00:01]} e5 {[%emt 0:00:01]} 45. Kd2 {[%emt 0:00:01]} Nxd4 {[%emt 0:00:01]} 46. Kxd3 {[%emt 0:00:01] Zeit Zeit Zeit} 1-0

[Event "Stay Safe Play From Home 385"]
[Site "Emanuel Lasker Arena"]
[Date "2020.08.16"]
[Round "4"]
[White "Dreamsoldier"]
[Black "Don59as"]
[Result "0-1"]
[WhiteElo "1277"]
[BlackElo "2070"]
[Annotator "NA"]
[PlyCount "38"]
[EventDate "2020.08.16"]
[EventType "swiss (blitz)"]

1. d4 {[%emt 0:00:06]} d5 {[%emt 0:00:01]} 2. e3 {[%emt 0:00:00]} e6 {[%emt 0:00:01]} 3. Nf3 {[%emt 0:00:00]} Nf6 {[%emt 0:00:01]} 4. Bd3 {[%emt 0:00:00]} Be7 {[%emt 0:00:00]} 5. O-O {[%emt 0:00:01]} O-O {[%emt 0:00:00]} 6. Ne5 {[%emt 0:00:01]} Nbd7 {[%emt 0:00:01]} 7. Nxd7 {[%emt 0:00:01]} Bxd7 {[%emt 0:00:01]} 8. Bd2 {[%emt 0:00:00]} c5 {[%emt 0:00:01]} 9. dxc5 {[%emt 0:00:01]} Bxc5 {[%emt 0:00:01]} 10. e4 {[%emt 0:00:01]} dxe4 {[%emt 0:00:01]} 11. Bxe4 {[%emt 0:00:00]} Nxe4 {[%emt 0:00:01]} 12. Qg4 {[%emt 0:00:01]} Nxd2 {[%emt 0:00:02]} 13. Nxd2 {[%emt 0:00:02]} e5 {[%emt 0:00:00]} 14. Qc4 {[%emt 0:00:03]} b6 {[%emt 0:00:02]} 15. Qd5 {[%emt 0:00:02]} Be6 {[%emt 0:00:01]} 16. Qc6 {[%emt 0:00:02]} Qxd2 {[%emt 0:00:01]} 17. Rac1 {[%emt 0:00:02]} Bxf2+ {[%emt 0:00:01]} 18. Rxf2 {[%emt 0:00:02]} Qxc1+ {[%emt 0:00:01]} 19. Rf1 {[%emt 0:00:02]} Qxb2 {[%emt 0:00:01] Dreamsoldier terk eder Dreamsoldier terk eder Dreamsoldier terk eder (Lag: Av=0.58s, max=0.8s) (Lag: Av=0.58s, max=0.8s) (Lag: Av=0.58s, max=0.8s)} 0-1

[Event "Stay Safe Play From Home 385"]
[Site "Emanuel Lasker Arena"]
[Date "2020.08.16"]
[Round "4"]
[White "Gattopardo"]
[Black "Buzaglo"]
[Result "0-1"]
[WhiteElo "1152"]
[BlackElo "1913"]
[PlyCount "66"]
[EventDate "2020.08.16"]
[EventType "swiss (blitz)"]

1. e4 {[%emt 0:00:02]} e6 {[%emt 0:00:00]} 2. Nf3 {[%emt 0:00:01]} d5 {[%emt 0:00:00]} 3. e5 {[%emt 0:00:01]} c5 {[%emt 0:00:00]} 4. d4 {[%emt 0:00:01]} Nc6 {[%emt 0:00:00]} 5. c3 {[%emt 0:00:01]} cxd4 {[%emt 0:00:01]} 6. Bb5 {[%emt 0:00:01]} Nge7 {[%emt 0:00:00]} 7. cxd4 {[%emt 0:00:01]} Ng6 {[%emt 0:00:02]} 8. O-O {[%emt 0:00:02]} Be7 {[%emt 0:00:01]} 9. Be3 {[%emt 0:00:01]} O-O {[%emt 0:00:01]} 10. Nc3 {[%emt 0:00:01]} a6 {[%emt 0:00:01]} 11. Bxc6 {[%emt 0:00:01]} bxc6 {[%emt 0:00:00]} 12. Na4 {[%emt 0:00:01]} Rb8 {[%emt 0:00:01]} 13. Nc5 {[%emt 0:00:01]} Rxb2 {[%emt 0:00:03]} 14. a4 {[%emt 0:00:03]} Bxc5 {[%emt 0:00:02]} 15. dxc5 {[%emt 0:00:02]} Qa5 {[%emt 0:00:02]} 16. Bd4 {[%emt 0:00:01]} Rb4 {[%emt 0:00:02]} 17. Rb1 {[%emt 0:00:02]} Rxb1 {[%emt 0:00:01]} 18. Qxb1 {[%emt 0:00:02]} Qxa4 {[%emt 0:00:01]} 19. Qa1 {[%emt 0:00:02]} Qxa1 {[%emt 0:00:01]} 20. Rxa1 {[%emt 0:00:02]} Nf4 {[%emt 0:00:01]} 21. h3 {[%emt 0:00:03]} Ne2+ {[%emt 0:00:01]} 22. Kh1 {[%emt 0:00:06]} Nxd4 {[%emt 0:00:00]} 23. Nxd4 {[%emt 0:00:02]} g5 {[%emt 0:00:05]} 24. Nxc6 {[%emt 0:00:01]} Kg7 {[%emt 0:00:02]} 25. Ne7 {[%emt 0:00:01]} Bb7 {[%emt 0:00:03]} 26. c6 {[%emt 0:00:02]} Ba8 {[%emt 0:00:01]} 27. Rxa6 {[%emt 0:00:02]} f6 {[%emt 0:00:03]} 28. c7 {[%emt 0:00:01]} Bb7 {[%emt 0:00:03]} 29. Ra7 {[%emt 0:00:03]} Bc8 {[%emt 0:00:02]} 30. Nxc8 {[%emt 0:00:02]} Rxc8 {[%emt 0:00:00]} 31. Rb7 {[%emt 0:00:03]} Kh6 {[%emt 0:00:02]} 32. exf6 {[%emt 0:00:02]} Kg6 {[%emt 0:00:02]} 33. f7 {[%emt 0:00:01]} Kxf7 {[%emt 0:00:00] TimeW TimeW TimeW} 0-1

[Event "Stay Safe Play From Home 385"]
[Site "Emanuel Lasker Arena"]
[Date "2020.08.16"]
[Round "5"]
[White "MihailoVujic"]
[Black "Stefanone"]
[Result "1-0"]
[WhiteElo "2275"]
[BlackElo "1993"]
[Annotator "RC"]
[PlyCount "79"]
[EventDate "2020.08.16"]
[EventType "swiss (blitz)"]

1. e4 {[%emt 0:00:02]} e6 {[%emt 0:00:01]} 2. d4 {[%emt 0:00:01]} d5 {[%emt 0:00:00]} 3. Nc3 {[%emt 0:00:01]} c6 {[%emt 0:00:00]} 4. Nf3 {[%emt 0:00:02]} f5 {[%emt 0:00:01]} 5. e5 {[%emt 0:00:01]} c5 {[%emt 0:00:01]} 6. Bd3 {[%emt 0:00:02]} cxd4 {[%emt 0:00:00]} 7. Nxd4 {[%emt 0:00:01]} Nc6 {[%emt 0:00:00]} 8. Nxc6 {[%emt 0:00:01]} bxc6 {[%emt 0:00:00]} 9. O-O {[%emt 0:00:01]} c5 {[%emt 0:00:00]} 10. Nb5 {[%emt 0:00:02]} Ba6 {[%emt 0:00:02]} 11. Nd6+ {[%emt 0:00:04]} Bxd6 {[%emt 0:00:02]} 12. Bxa6 {[%emt 0:00:00]} Bc7 {[%emt 0:00:02]} 13. Bb5+ {[%emt 0:00:01]} Kf8 {[%emt 0:00:02]} 14. f4 {[%emt 0:00:02]} Ne7 {[%emt 0:00:01]} 15. Kh1 {[%emt 0:00:01]} g6 {[%emt 0:00:01]} 16. Qe1 {[%emt 0:00:02]} Kg7 {[%emt 0:00:01]} 17. c3 {[%emt 0:00:02]} d4 {[%emt 0:00:01]} 18. cxd4 {[%emt 0:00:01]} cxd4 {[%emt 0:00:00]} 19. Bd2 {[%emt 0:00:01]} Qd5 {[%emt 0:00:02]} 20. Bd3 {[%emt 0:00:02]} Nc6 {[%emt 0:00:01]} 21. Qh4 {[%emt 0:00:01]} Bd8 {[%emt 0:00:05]} 22. Qh3 {[%emt 0:00:04]} Be7 {[%emt 0:00:01]} 23. Rac1 {[%emt 0:00:01]} Rac8 {[%emt 0:00:01]} 24. Bc4 {[%emt 0:00:01]} Qd7 {[%emt 0:00:02]} 25. Bb5 {[%emt 0:00:01]} Qb7 {[%emt 0:00:04]} 26. Qb3 {[%emt 0:00:03]} Nd8 {[%emt 0:00:09]} 27. Rxc8 {[%emt 0:00:03]} Qxc8 {[%emt 0:00:01]} 28. Rc1 {[%emt 0:00:00]} Qb7 {[%emt 0:00:02]} 29. Bc4 {[%emt 0:00:01]} Qxb3 {[%emt 0:00:03]} 30. Bxb3 {[%emt 0:00:00]} g5 {[%emt 0:00:01]} 31. Rc7 {[%emt 0:00:01]} Kg6 {[%emt 0:00:00]} 32. Rxe7 {[%emt 0:00:01]} Nc6 {[%emt 0:00:01]} 33. Rxe6+ {[%emt 0:00:01]} Kf7 {[%emt 0:00:02]} 34. Rxc6+ {[%emt 0:00:00]} Ke7 {[%emt 0:00:02]} 35. Bb4+ {[%emt 0:00:01]} Kd7 {[%emt 0:00:02]} 36. Rd6+ {[%emt 0:00:00]} Kc7 {[%emt 0:00:01]} 37. fxg5 {[%emt 0:00:00]} d3 {[%emt 0:00:01]} 38. Rxd3 {[%emt 0:00:01]} Rf8 {[%emt 0:00:00]} 39. Bxf8 {[%emt 0:00:01]} f4 {[%emt 0:00:01]} 40. Bd6+ {[%emt 0:00:00] Stefanone abbandona Stefanone abbandona Stefanone abbandona (Lag: Av=0.55s, max=1.3s) (Lag: Av=0.55s, max=1.3s) (Lag: Av=0.55s, max=1.3s)} 1-0

[Event "Stay Safe Play From Home 385"]
[Site "Emanuel Lasker Arena"]
[Date "2020.08.16"]
[Round "5"]
[White "SelamiSahin"]
[Black "Lazieri3"]
[Result "0-1"]
[WhiteElo "2122"]
[BlackElo "2106"]
[Annotator "TA"]
[PlyCount "66"]
[EventDate "2020.08.16"]
[EventType "swiss (blitz)"]

{[%evp 9,65,15,13,0,7,6,8,-4,-3,-13,-15,-43,-11,-21,-24,-29,83,82,122,121,116,114,118,119,219,95,103,93,95,87,88,85,113,91,109,113,110,68,117,107,109,97,316,310,379,193,246,219,213,-29995,-29996,-29996,-29997,-29997,-29998,-29998,-29999,-29999]} 1. d4 c6 2. c3 d5 3. Bf4 Nf6 4. e3 Bg4 5. Be2 Bxe2 6. Nxe2 {D00: 1 d4 d5: Unusual lines.} e6 {[#]} 7. O-O $146 ({Predecessor:} 7. Nd2 Bd6 8. Bxd6 Qxd6 9. Ng3 Nbd7 10. h3 O-O 11. e4 Nxe4 12. Ndxe4 dxe4 13. Nxe4 Qe7 {½-½ (13) Tittarelli,A (1100)-Klawitter,B (726) LSS email 2012}) 7... Bd6 8. Bg3 {The position is equal.} Bxg3 9. hxg3 O-O 10. c4 h6 11. b3 Nbd7 12. Nbc3 e5 (12... Re8 $11) 13. cxd5 $16 exd4 14. Qxd4 cxd5 15. Nxd5 Nxd5 16. Qxd5 Qe7 (16... Qc8 $16 17. Rac1 Nf6) 17. Rfd1 (17. Qxb7 $18 {aiming for Rfd1.} Rfb8 18. Qf3) 17... Nf6 18. Qb5 a6 19. Qa4 Rac8 20. Rac1 Rfd8 21. Rxd8+ Qxd8 22. Rxc8 Qxc8 23. Qc4 Qd7 24. Nd4 b5 25. Qc6 Qe7 $2 {[#]} (25... Qg4 $16 26. Qc1 g6) 26. Qxa6 $18 Qb4 27. Nf3 (27. Qxb5 $142 Qd2 28. Qe2 Qc1+ 29. Kh2) 27... Qc5 (27... Qc3 $142 28. Qxb5 Qa1+ 29. Qf1 Qxa2) 28. Qa8+ Kh7 {( -> ...Qc1+)} 29. Qb8 $4 {[%mdl 8192]} (29. Ne1 $18) 29... Qc1+ {Black mates.} 30. Kh2 Ng4+ {[%mdl 64] [#] Double Attack} 31. Kh3 Nxf2+ 32. Kh4 Qh1+ {[%mdl 64] Double Attack} 33. Nh2 Qxh2# {Quite a comeback for Black. Accuracy: White = 58%, Black = 49%.} 0-1

[Event "Stay Safe Play From Home 385"]
[Site "Emanuel Lasker Arena"]
[Date "2020.08.16"]
[Round "5"]
[White "Don59as"]
[Black "Hickey"]
[Result "0-1"]
[WhiteElo "2070"]
[BlackElo "2149"]
[Annotator "NA"]
[PlyCount "112"]
[EventDate "2020.08.16"]
[EventType "swiss (blitz)"]

1. c3 {[%emt 0:00:02]} Nf6 {[%emt 0:00:01]} 2. d4 {[%emt 0:00:00]} e6 {[%emt 0:00:01]} 3. g3 {[%emt 0:00:00]} Be7 {[%emt 0:00:00]} 4. Bg2 {[%emt 0:00:00]} O-O {[%emt 0:00:00]} 5. e4 {[%emt 0:00:00]} c5 {[%emt 0:00:00]} 6. Ne2 {[%emt 0:00:00]} cxd4 {[%emt 0:00:01]} 7. cxd4 {[%emt 0:00:00]} Nc6 {[%emt 0:00:00]} 8. O-O {[%emt 0:00:00]} d5 {[%emt 0:00:01]} 9. Nbc3 {[%emt 0:00:00]} dxe4 {[%emt 0:00:01]} 10. Nxe4 {[%emt 0:00:00]} Nxe4 {[%emt 0:00:01]} 11. Bxe4 {[%emt 0:00:00]} Bf6 {[%emt 0:00:01]} 12. Be3 {[%emt 0:00:01]} Ne7 {[%emt 0:00:01]} 13. Rc1 {[%emt 0:00:01]} Nd5 {[%emt 0:00:00]} 14. Qd2 {[%emt 0:00:01]} Bd7 {[%emt 0:00:01]} 15. Bxd5 {[%emt 0:00:01]} exd5 {[%emt 0:00:00]} 16. Nf4 {[%emt 0:00:00]} Bf5 {[%emt 0:00:02]} 17. f3 {[%emt 0:00:03]} Re8 {[%emt 0:00:04]} 18. g4 {[%emt 0:00:01]} Be6 {[%emt 0:00:02]} 19. Nh5 {[%emt 0:00:01]} Be7 {[%emt 0:00:02]} 20. Bf2 {[%emt 0:00:02]} Qb6 {[%emt 0:00:01]} 21. Ng3 {[%emt 0:00:01]} Rac8 {[%emt 0:00:01]} 22. b3 {[%emt 0:00:00]} Rxc1 {[%emt 0:00:02]} 23. Rxc1 {[%emt 0:00:02]} Qd8 {[%emt 0:00:00]} 24. h3 {[%emt 0:00:01]} Bg5 {[%emt 0:00:01]} 25. f4 {[%emt 0:00:01]} Bh4 {[%emt 0:00:00]} 26. Kg2 {[%emt 0:00:01]} f6 {[%emt 0:00:02]} 27. f5 {[%emt 0:00:01]} Bg5 {[%emt 0:00:02]} 28. Be3 {[%emt 0:00:03]} Bxe3 {[%emt 0:00:01]} 29. Qxe3 {[%emt 0:00:01]} Bxf5 {[%emt 0:00:00]} 30. Qf3 {[%emt 0:00:02]} Be4 {[%emt 0:00:02]} 31. Nxe4 {[%emt 0:00:01]} dxe4 {[%emt 0:00:00]} 32. Qe3 {[%emt 0:00:01]} Qd7 {[%emt 0:00:03]} 33. Rd1 {[%emt 0:00:01]} Qd5 {[%emt 0:00:02]} 34. Rc1 {[%emt 0:00:01]} f5 {[%emt 0:00:01]} 35. Rc7 {[%emt 0:00:03]} f4 {[%emt 0:00:03]} 36. Qxf4 {[%emt 0:00:02]} e3+ {[%emt 0:00:00]} 37. Qf3 {[%emt 0:00:01]} Qxf3+ {[%emt 0:00:02]} 38. Kxf3 {[%emt 0:00:00]} e2 {[%emt 0:00:00]} 39. Rc1 {[%emt 0:00:02]} e1=Q {[%emt 0:00:01]} 40. Rxe1 {[%emt 0:00:00]} Rxe1 {[%emt 0:00:01]} 41. d5 {[%emt 0:00:00]} Ra1 {[%emt 0:00:00]} 42. a4 {[%emt 0:00:01]} Rd1 {[%emt 0:00:01]} 43. Ke4 {[%emt 0:00:00]} Kf8 {[%emt 0:00:01]} 44. Ke5 {[%emt 0:00:01]} Ke8 {[%emt 0:00:00]} 45. b4 {[%emt 0:00:00]} Kd7 {[%emt 0:00:00]} 46. b5 {[%emt 0:00:00]} b6 {[%emt 0:00:01]} 47. a5 {[%emt 0:00:00]} Ra1 {[%emt 0:00:00]} 48. axb6 {[%emt 0:00:02]} axb6 {[%emt 0:00:00]} 49. h4 {[%emt 0:00:00]} Ra5 {[%emt 0:00:01]} 50. g5 {[%emt 0:00:00]} Rxb5 {[%emt 0:00:00]} 51. h5 {[%emt 0:00:00]} h6 {[%emt 0:00:01]} 52. g6 {[%emt 0:00:02]} Rb4 {[%emt 0:00:01]} 53. d6 {[%emt 0:00:01]} Rh4 {[%emt 0:00:00]} 54. Kf5 {[%emt 0:00:01]} Rxh5+ {[%emt 0:00:00]} 55. Kg4 {[%emt 0:00:00]} Rg5+ {[%emt 0:00:01]} 56. Kf4 {[%emt 0:00:00]} Rxg6 {[%emt 0:00:00] Don59as resigns Don59as resigns Don59as resigns (Lag: Av=0.67s, max=1.2s) (Lag: Av=0.67s, max=1.2s) (Lag: Av=0.67s, max=1.2s)} 0-1

[Event "Stay Safe Play From Home 385"]
[Site "Emanuel Lasker Arena"]
[Date "2020.08.16"]
[Round "5"]
[White "Buzaglo"]
[Black "Roefe Detlef"]
[Result "1-0"]
[WhiteElo "1913"]
[BlackElo "1526"]
[PlyCount "71"]
[EventDate "2020.08.16"]
[EventType "swiss (blitz)"]

1. d4 {[%emt 0:00:01]} d5 {[%emt 0:00:01]} 2. Nf3 {[%emt 0:00:00]} e6 {[%emt 0:00:01]} 3. g3 {[%emt 0:00:00]} Ne7 {[%emt 0:00:01]} 4. Bg2 {[%emt 0:00:00]} Nf5 {[%emt 0:00:01]} 5. O-O {[%emt 0:00:00]} c5 {[%emt 0:00:01]} 6. Nbd2 {[%emt 0:00:00]} Nc6 {[%emt 0:00:02]} 7. Nb3 {[%emt 0:00:01]} c4 {[%emt 0:00:02]} 8. Nc5 {[%emt 0:00:02]} Bxc5 {[%emt 0:00:01]} 9. dxc5 {[%emt 0:00:00]} Ke7 {[%emt 0:00:01]} 10. e4 {[%emt 0:00:01]} dxe4 {[%emt 0:00:02]} 11. Bg5+ {[%emt 0:00:03]} f6 {[%emt 0:00:02]} 12. g4 {[%emt 0:00:01]} Qxd1 {[%emt 0:00:04]} 13. Raxd1 {[%emt 0:00:00]} fxg5 {[%emt 0:00:01]} 14. gxf5 {[%emt 0:00:01]} exf3 {[%emt 0:00:03]} 15. Bxf3 {[%emt 0:00:00]} exf5 {[%emt 0:00:02]} 16. Bd5 {[%emt 0:00:02]} Be6 {[%emt 0:00:01]} 17. Rfe1 {[%emt 0:00:02]} Nd8 {[%emt 0:00:02]} 18. Bxc4 {[%emt 0:00:02]} Kf6 {[%emt 0:00:02]} 19. Rd6 {[%emt 0:00:03]} Re8 {[%emt 0:00:06]} 20. Bxe6 {[%emt 0:00:03]} Nxe6 {[%emt 0:00:02]} 21. c6 {[%emt 0:00:01]} bxc6 {[%emt 0:00:01]} 22. Rxc6 {[%emt 0:00:00]} Rad8 {[%emt 0:00:01]} 23. c4 {[%emt 0:00:01]} a5 {[%emt 0:00:03]} 24. a3 {[%emt 0:00:02]} h5 {[%emt 0:00:00]} 25. b4 {[%emt 0:00:01]} axb4 {[%emt 0:00:01]} 26. axb4 {[%emt 0:00:00]} Rd3 {[%emt 0:00:02]} 27. b5 {[%emt 0:00:01]} Rb3 {[%emt 0:00:02]} 28. b6 {[%emt 0:00:01]} Kf7 {[%emt 0:00:01]} 29. Rd1 {[%emt 0:00:05]} Rb8 {[%emt 0:00:05]} 30. Rd7+ {[%emt 0:00:01]} Kf6 {[%emt 0:00:01]} 31. Rdd6 {[%emt 0:00:01]} Re8 {[%emt 0:00:03]} 32. c5 {[%emt 0:00:01]} Ke5 {[%emt 0:00:02]} 33. Rd7 {[%emt 0:00:02]} Nxc5 {[%emt 0:00:02]} 34. Rdc7 {[%emt 0:00:02]} Ne4 {[%emt 0:00:02]} 35. b7 {[%emt 0:00:02]} Kf4 {[%emt 0:00:00]} 36. Kg2 {[%emt 0:00:01] Zeit Zeit Zeit (Lag: Av=0.44s, max=1.0s) (Lag: Av=0.44s, max=1.0s) (Lag: Av=0.44s, max=1.0s)} 1-0

[Event "Stay Safe Play From Home 385"]
[Site "Emanuel Lasker Arena"]
[Date "2020.08.16"]
[Round "5"]
[White "Strelka6"]
[Black "Gattopardo"]
[Result "1-0"]
[WhiteElo "1868"]
[BlackElo "1152"]
[Annotator "NA"]
[PlyCount "59"]
[EventDate "2020.08.16"]
[EventType "swiss (blitz)"]

{vera, Domingo} 1. d4 {[%emt 0:00:01]} d5 {[%emt 0:00:01]} 2. e3 {[%emt 0:00:01]} e6 {[%emt 0:00:01]} 3. c4 {[%emt 0:00:00]} f5 {[%emt 0:00:01]} 4. cxd5 {[%emt 0:00:00]} exd5 {[%emt 0:00:01]} 5. Nc3 {[%emt 0:00:00]} f4 {[%emt 0:00:01]} 6. Nf3 {[%emt 0:00:00]} fxe3 {[%emt 0:00:02]} 7. fxe3 {[%emt 0:00:01]} Bg4 {[%emt 0:00:02]} 8. Be2 {[%emt 0:00:01]} Nf6 {[%emt 0:00:01]} 9. O-O {[%emt 0:00:01]} Ne4 {[%emt 0:00:02]} 10. Ne5 {[%emt 0:00:03]} Bxe2 {[%emt 0:00:02]} 11. Nxe2 {[%emt 0:00:00]} Bd6 {[%emt 0:00:03]} 12. Nc3 {[%emt 0:00:05]} Qg5 {[%emt 0:00:03]} 13. Nf7 {[%emt 0:00:06]} Qg6 {[%emt 0:00:04]} 14. Nxh8 {[%emt 0:00:02]} Nd7 {[%emt 0:00:02]} 15. Nxg6 {[%emt 0:00:01]} hxg6 {[%emt 0:00:02]} 16. Qg4 {[%emt 0:00:02]} Ndf6 {[%emt 0:00:04]} 17. Qxg6+ {[%emt 0:00:01]} Ke7 {[%emt 0:00:03]} 18. Nxe4 {[%emt 0:00:01]} Nxe4 {[%emt 0:00:03]} 19. Qxg7+ {[%emt 0:00:01]} Kd8 {[%emt 0:00:02]} 20. b3 {[%emt 0:00:04]} b5 {[%emt 0:00:01]} 21. Rf7 {[%emt 0:00:01]} Kc8 {[%emt 0:00:02]} 22. Qg8+ {[%emt 0:00:01]} Kb7 {[%emt 0:00:01]} 23. Qg7 {[%emt 0:00:00]} a5 {[%emt 0:00:02]} 24. Bb2 {[%emt 0:00:00]} Nd2 {[%emt 0:00:02]} 25. Rd1 {[%emt 0:00:02]} Ne4 {[%emt 0:00:01]} 26. Rd7 {[%emt 0:00:02]} a4 {[%emt 0:00:03]} 27. bxa4 {[%emt 0:00:01]} Rxa4 {[%emt 0:00:02]} 28. Rc1 {[%emt 0:00:00]} Rxa2 {[%emt 0:00:03]} 29. Rxd6 {[%emt 0:00:01]} Nxd6 {[%emt 0:00:02]} 30. Bc3 {[%emt 0:00:03] TimeB TimeB TimeB} 1-0

[Event "Stay Safe Play From Home 385"]
[Site "Emanuel Lasker Arena"]
[Date "2020.08.16"]
[Round "5"]
[White "Grizzzly"]
[Black "Rogan"]
[Result "0-1"]
[WhiteElo "1854"]
[BlackElo "2209"]
[Annotator "TA"]
[PlyCount "58"]
[EventDate "2020.08.16"]
[EventType "swiss (blitz)"]

{[%evp 9,58,14,73,55,200,60,100,111,135,85,110,4,4,10,86,0,3,-4,-2,-6,19,15,35,33,41,39,45,42,114,107,114,102,108,44,48,0,90,11,8,-75,-83,-191,-181,-156,-164,-342,-309,-29958,-11345,-29994,-29995]} 1. d4 d5 2. c4 c6 3. cxd5 cxd5 4. Nc3 Nf6 5. Nf3 Bg4 (5... Nc6 $11 {keeps the balance.}) 6. Ne5 {D13: Slav Defence: Exchange variation without ...Bf5.} Bf5 (6... Nc6 $14) 7. Bf4 (7. e4 $1 $18 {[%cal Re4f5]} Nxe4 8. Nxe4 Bxe4 9. Bb5+ Nc6 10. Nxc6) 7... Nbd7 8. e3 {White is better.} Nxe5 {[#]} 9. Bxe5 $146 ({Predecessor:} 9. dxe5 Nd7 10. Qxd5 Qb6 11. Qb5 Be6 12. Be2 a6 13. Qxb6 Nxb6 14. O-O Bc4 15. Rac1 {1-0 (49) Brown,A (1976)-Couchman,A (1130) Hull 2018}) 9... e6 10. Bd3 ({White should try} 10. Bxf6 $16 Qxf6 11. Qa4+ Kd8 12. Rc1) 10... Bxd3 $11 11. Qxd3 Bd6 (11... Be7 $11) 12. Bxd6 (12. Qb5+ $16 Kf8 13. Qxb7 Bxe5 14. dxe5) 12... Qxd6 13. O-O O-O 14. Rac1 a6 15. Na4 Nd7 16. Nc5 Nxc5 17. Rxc5 b6 18. Rc2 f5 (18... Qd7 $14) 19. Rfc1 f4 20. Rc6 Qb4 21. Rxe6 (21. b3 $16) 21... Rac8 22. Rd1 f3 (22... Qxb2 $11 {remains equal.} 23. exf4 Rxf4) 23. g3 (23. b3 $16) 23... Qxb2 24. Re5 (24. Qb1 $11 Qxb1 25. Rxb1) 24... Qxa2 $17 25. Rh5 (25. Qb1 $17 Qxb1 26. Rxb1) 25... g6 $19 26. Rg5 Rf6 27. e4 $2 (27. h4) 27... Rc2 28. Qe3 $2 {[#]} (28. Qf1 $19 dxe4 29. Re5) 28... Re2 29. Qd3 Rxf2 {Accuracy: White = 27%, Black = 65%.} 0-1

[Event "Stay Safe Play From Home 385"]
[Site "Emanuel Lasker Arena"]
[Date "2020.08.16"]
[Round "5"]
[White "Mamba2001de"]
[Black "Dreamsoldier"]
[Result "1-0"]
[WhiteElo "1450"]
[BlackElo "1276"]
[Annotator "NA"]
[PlyCount "51"]
[EventDate "2020.08.16"]
[EventType "swiss (blitz)"]

1. e4 {[%emt 0:00:01]} e5 {[%emt 0:00:01]} 2. Nf3 {[%emt 0:00:01]} d6 {[%emt 0:00:00]} 3. c3 {[%emt 0:00:01]} Nc6 {[%emt 0:00:00]} 4. d4 {[%emt 0:00:01]} Be6 {[%emt 0:00:00]} 5. d5 {[%emt 0:00:01]} Bd7 {[%emt 0:00:02]} 6. dxc6 {[%emt 0:00:01]} Bxc6 {[%emt 0:00:00]} 7. Be2 {[%emt 0:00:01]} Nf6 {[%emt 0:00:00]} 8. O-O {[%emt 0:00:01]} Nxe4 {[%emt 0:00:01]} 9. Be3 {[%emt 0:00:01]} Be7 {[%emt 0:00:02]} 10. Nbd2 {[%emt 0:00:01]} b6 {[%emt 0:00:01]} 11. Nxe4 {[%emt 0:00:01]} Bxe4 {[%emt 0:00:00]} 12. Bd3 {[%emt 0:00:01]} Bxd3 {[%emt 0:00:01]} 13. Qxd3 {[%emt 0:00:01]} Bf6 {[%emt 0:00:01]} 14. h3 {[%emt 0:00:02]} O-O {[%emt 0:00:01]} 15. Qd2 {[%emt 0:00:04]} d5 {[%emt 0:00:01]} 16. Nh2 {[%emt 0:00:02]} e4 {[%emt 0:00:02]} 17. Ng4 {[%emt 0:00:03]} c6 {[%emt 0:00:01]} 18. Nxf6+ {[%emt 0:00:01]} Qxf6 {[%emt 0:00:01]} 19. Bg5 {[%emt 0:00:01]} Qe5 {[%emt 0:00:08]} 20. Bh4 {[%emt 0:00:01]} c5 {[%emt 0:00:03]} 21. Bg3 {[%emt 0:00:01]} Qf5 {[%emt 0:00:03]} 22. Rad1 {[%emt 0:00:01]} d4 {[%emt 0:00:01]} 23. cxd4 {[%emt 0:00:01]} cxd4 {[%emt 0:00:00]} 24. Qxd4 {[%emt 0:00:01]} Rad8 {[%emt 0:00:03]} 25. Qxd8 {[%emt 0:00:01]} Rxd8 {[%emt 0:00:01]} 26. Rxd8# {[%emt 0:00:01] (Lag: Av=0.42s, max=0.5s) (Lag: Av=0.42s, max=0.5s) (Lag: Av=0.42s, max=0.5s)} 1-0